Πρακτικά του β' συμποσίου λαογραφίας : (συμπλήρωμα)
Αποθηκεύτηκε σε:
| Συγγραφή απο Οργανισμό/Αρχή: | |
|---|---|
| Μορφή: | Βιβλίο |
| Γλώσσα: | Greek |
| Δημοσίευση: |
[Θεσσαλονίκη;] :
Institute for Balkan Studies,
[19--;].
|
| Θέματα: | |
| Ετικέτες: |
Προσθήκη ετικέτας
Δεν υπάρχουν, Καταχωρήστε ετικέτα πρώτοι!
|
MARC
| LEADER | 00000cam a2200000 a 4500 | ||
|---|---|---|---|
| 001 | 1/119894 | ||
| 008 | 190909q19uu gr | ||| |||| ||gre|| | ||
| 040 | |a GR-MyUa |b gre |c GR-MyUa |e AACR2 | ||
| 041 | 0 | |a gre | |
| 082 | 7 | |a 398.09495 |2 (23) | |
| 245 | 0 | 0 | |a Πρακτικά του β' συμποσίου λαογραφίας : |b (συμπλήρωμα) / |c Institute for Balkan Studies. |
| 260 | |a [Θεσσαλονίκη;] : |b Institute for Balkan Studies, |c [19--;]. | ||
| 500 | |a Πρόκειται για 25 πίνακες με σχέδια. | ||
| 650 | 0 | |a Folklore |z Greece. | |
| 650 | 0 | |a Folklore |x Congresses |z Greece. | |
| 710 | 2 | |a Institute for Balkan Studies. | |
| 852 | |a INST |b RHODES |c AKA |e 20190909 |h 938.09495 ΣΥΜ supplement |p 005400041094 |q 005400041094 |t BK |y 0 | ||
| 920 | |a Ακαδημία Ρόδου |y Ρόδος |z 2004-06 | ||
| 970 | |a Μαρία |b Κωτάκου |z 09-09-2019 | ||